Textbook of Organic chemistry (Record no. 226759)
[ view plain ]
| 000 -LEADER | |
|---|---|
| fixed length control field | 00499nam a22001937a 4500 |
| 005 - DATE AND TIME OF LATEST TRANSACTION | |
| control field | 20230220161027.0 |
| 008 - FIXED-LENGTH DATA ELEMENTS--GENERAL INFORMATION | |
| fixed length control field | 230220b ||||| |||| 00| 0 eng d |
| 040 ## - CATALOGING SOURCE | |
| Transcribing agency | AL |
| 041 ## - LANGUAGE CODE | |
| Language code of text/sound track or separate title | English |
| 082 ## - DEWEY DECIMAL CLASSIFICATION NUMBER | |
| Edition number | 23 |
| Classification number | 542/130 |
| Item number | SONT |
| 100 ## - MAIN ENTRY--PERSONAL NAME | |
| Personal name | P L Soni |
| 100 ## - MAIN ENTRY--PERSONAL NAME | |
| 9 (RLIN) | 72694 |
| 245 ## - TITLE STATEMENT | |
| Title | Textbook of Organic chemistry |
| 250 ## - EDITION STATEMENT | |
| Edition statement | Rev ed 9 |
| 260 ## - PUBLICATION, DISTRIBUTION, ETC. | |
| Place of publication, distribution, etc. | Delhi |
| Name of publisher, distributor, etc. | Sultan Chand and Sons |
| Date of publication, distribution, etc. | 1974 |
| 300 ## - PHYSICAL DESCRIPTION | |
| Extent | 920 p. |
| Other physical details | PB |
| Dimensions | 22x14 cm. |
| 650 ## - SUBJECT ADDED ENTRY--TOPICAL TERM | |
| Topical term or geographic name entry element | Chemistry |
| 9 (RLIN) | 72695 |
| 700 ## - ADDED ENTRY--PERSONAL NAME | |
| Personal name | SONI (P L) |
| 9 (RLIN) | 72696 |
| 942 ## - ADDED ENTRY ELEMENTS (KOHA) | |
| Source of classification or shelving scheme | Dewey Decimal Classification |
| Koha item type | Book Bank |
| Withdrawn status | Lost status | Source of classification or shelving scheme | Damaged status | Not for loan | Collection code | Home library | Current library | Shelving location | Date acquired | Total Checkouts | Full call number | Barcode | Date last seen | Price effective from | Koha item type |
|---|---|---|---|---|---|---|---|---|---|---|---|---|---|---|---|
| Dewey Decimal Classification | Chemistry | St Aloysius Library | St Aloysius Library | UGC Book Bank | 02/20/2023 | 542/130 SONT | BB02519 | 02/20/2023 | 02/20/2023 | Book Bank | |||||
| Dewey Decimal Classification | Chemistry | St Aloysius Library | St Aloysius Library | UGC Book Bank | 02/20/2023 | 542/126 SONT | BB02515 | 02/20/2023 | 02/20/2023 | Book Bank | |||||
| Dewey Decimal Classification | Chemistry | St Aloysius Library | St Aloysius Library | UGC Book Bank | 02/20/2023 | 542/133 SONT | BB02522 | 02/20/2023 | 02/20/2023 | Book Bank | |||||
| Dewey Decimal Classification | Chemistry | St Aloysius Library | St Aloysius Library | UGC Book Bank | 02/20/2023 | 542/121 SONT | BB02426 | 02/20/2023 | 02/20/2023 | Book Bank | |||||
| Dewey Decimal Classification | Chemistry | St Aloysius Library | St Aloysius Library | UGC Book Bank | 02/20/2023 | 542/131 SONT | BB02520 | 02/20/2023 | 02/20/2023 | Book Bank | |||||
| Dewey Decimal Classification | Chemistry | St Aloysius Library | St Aloysius Library | UGC Book Bank | 02/20/2023 | 542/128 SONT | BB02517 | 02/20/2023 | 02/20/2023 | Book Bank | |||||
| Dewey Decimal Classification | Chemistry | St Aloysius Library | St Aloysius Library | UGC Book Bank | 02/20/2023 | 542/129 SONT | BB02518 | 02/20/2023 | 02/20/2023 | Book Bank | |||||
| Dewey Decimal Classification | Chemistry | St Aloysius Library | St Aloysius Library | UGC Book Bank | 02/20/2023 | 542/127 SONT | BB02516 | 02/20/2023 | 02/20/2023 | Book Bank | |||||
| Dewey Decimal Classification | Chemistry | St Aloysius Library | St Aloysius Library | UGC Book Bank | 02/20/2023 | 542/132 SONT | BB02521 | 02/20/2023 | 02/20/2023 | Book Bank | |||||
| Dewey Decimal Classification | Chemistry | St Aloysius Library | St Aloysius Library | UGC Book Bank | 02/20/2023 | 542/120 SONT | BB02425 | 02/20/2023 | 02/20/2023 | Book Bank |